Introvert Test - Waiting room - Statistics

General Stats
  • This quiz has been taken 3,443 times
  • The average score is 12 of 14
Answers on the Map
Answers color-coded by a green-red scale on the quiz's map according to % correct below.
 
Answer Stats
Answer % Correct
SET A
91%
SET F
89%
SET B
86%
SET E
86%
SET G
85%
SET J
84%
SET M
83%
SET I
82%
SET N
82%
SET C
80%
SET K
80%
SET D
78%
SET H
78%
SET L
73%
No matching quizzes found
Score Distribution
Percent of People with Each Score
Percentile by Number Answered
Your Score History
You have not taken this quiz